| 000 | 00750nam a22002297a 4500 | ||
|---|---|---|---|
| 005 | 20170124110003.0 | ||
| 010 | _aA-382103 | ||
| 020 |
_c150.00 _a818506184 |
||
| 035 | _aA-382103 | ||
| 037 | _bCen Lib/Ret | ||
| 040 |
_aDPL _bEN |
||
| 082 |
_a362.6 _bSIN |
||
| 100 |
_aSinha, Jwala Nand Prasad _986356 |
||
| 245 |
_aProblems of ageing / _cby Jwala Nand Prasad Sinha |
||
| 260 |
_aNew Delhi _bClassical Publishing Company _c1989 |
||
| 270 |
_bNew Delhi _a28, shopping centre, karampura j _e110015 |
||
| 300 |
_ax, 127p. _c20cm(Hb) |
||
| 500 | _aIncludes bibliographical references and appendix | ||
| 650 |
_aHuman life cycle _916160 |
||
| 650 |
_aSocial-cultural perspectives _916161 |
||
| 942 |
_2ddc _cEN _h362.6 _mSIN |
||
| 999 |
_c125973 _d125973 |
||